Medvedík ešte nemá nový domov

Bibliographic Details
Other Authors: Patera, Peter (Photographer)
Format: Article
Language:Slovak
PhysicalDescription:Fotogr.
ISSN:1335-6828
Subjects:

MARC

LEADER 00000nab a2200000 ar4500
001 vtls009353011
003 SK-MaSNL
005 20260303163907.0
008 081024c2007 xo wr|p|||||||000 b|slo
015 |a SNBRB2007/09 
038 |a PPPKCL 
040 |a PPPKCL  |b slo  |c PPPK  |e AACR2 
041 0 |a slo 
044 |a xo  |c SK 
080 |a 599.742.21  |x (234.372.4)  |2 2001 
080 |a 502.172:599.742.21  |x (234.372.4)  |2 2001 
080 |a 502.21(1-751.2)  |x (234.372.4)  |2 2001 
245 0 0 |a Medvedík ešte nemá nový domov  |c [autor] - th - ; snímky Peter Patera 
300 |b Fotogr. 
650 0 7 |a medvede  |2 pppkcl  |9 16764 
650 0 7 |a ochrana živočíchov  |2 pppkcl  |9 3949 
651 7 |a Tatranská Lomnica (Vysoké Tatry, Slovensko)  |2 pppkcl  |9 160914 
651 7 |a Tatranský národný park (Slovensko)  |2 pppkcl  |9 106968 
700 1 |a Patera, Peter  |4 pht  |9 1189019 
773 0 |t Tatry  |g Roč. XXXXVI, č. 5 (2007), s. 4-5  |x 1335-6828 
852 |a PPPK  |b KIS3GCP 
999 |c 2062012  |d 2063942